UBT Library

HISTORY IN DISPUTE (Record no. 59649)

000 -LEADER
fixed length control field 00319nam a22001457a 4500
008 - FIXED-LENGTH DATA ELEMENTS--GENERAL INFORMATION
fixed length control field 230502b ||||| |||| 00| 0 eng d
020 ## - INTERNATIONAL STANDARD BOOK NUMBER
International Standard Book Number 1558623957
041 ## - LANGUAGE CODE
Language code of text/sound track or separate title eng
080 ## - UNIVERSAL DECIMAL CLASSIFICATION NUMBER
Edition identifier VOLUME 1
Universal Decimal Classification number 94
082 ## - DEWEY DECIMAL CLASSIFICATION NUMBER
Classification number 94FRA
100 ## - Rafti
Rafti 28
101 ## - Shkurtesa
Shkurtesa HISTORI
245 ## - TITLE STATEMENT
Title HISTORY IN DISPUTE
Statement of responsibility, etc FRANKEL.B
942 ## - ADDED ENTRY ELEMENTS (KOHA)
Source of classification or shelving scheme
Item type Books
Holdings
Withdrawn status Lost status Source of classification or shelving scheme Damaged status Not for loan Collection code Permanent location Current location Date acquired Total Checkouts Full call number Barcode Date last seen Price effective from Koha item type
          Koleksioni i përgjithshem UBT - Lipjan UBT - Lipjan 05/02/2023   94FRA 002-80008064 05/02/2023 05/02/2023 Books
          Koleksioni i përgjithshem UBT - Lipjan UBT - Lipjan 05/02/2023   94FRA 002-80008065 05/02/2023 05/02/2023 Books
          Koleksioni i përgjithshem UBT - Lipjan UBT - Lipjan 05/02/2023   94FRA 002-80008066 05/02/2023 05/02/2023 Books
          Koleksioni i përgjithshem UBT - Lipjan UBT - Lipjan 05/02/2023   94FRA 002-80008067 05/02/2023 05/02/2023 Books
          Koleksioni i përgjithshem UBT - Lipjan UBT - Lipjan 05/02/2023   94FRA 002-80008068 05/02/2023 05/02/2023 Books
          Koleksioni i përgjithshem UBT - Lipjan UBT - Lipjan 05/02/2023   94FRA 002-80008069 05/02/2023 05/02/2023 Books
UBT Library © 2015-2024. All rights reserved University Education for Business and Technology